Loreto College Library, Kolkata
WEBOPAC (ONLINE PUBLIC ACCESS CATALOGUE)

The European dictatorships 1918 - 1945 (Record no. 4009)

MARC details
000 -LEADER
fixed length control field 00668nam a2200229Ia 4500
005 - DATE AND TIME OF LATEST TRANSACTION
control field 20230621093645.0
008 - FIXED-LENGTH DATA ELEMENTS--GENERAL INFORMATION
fixed length control field 131103s9999 xx 000 0 und d
020 ## - ISBN | অাই এস বি এন
ISBN | অাই এস বি এন 041502785 3
PRICE 11.99 pds
040 ## - CATALOGING SOURCE
Original cataloging agency Loreto College
041 ## - LANGUAGE CODE
Language code English
082 ## - DDC | ডিউই
Classification number | বর্গসংখ্যা 940.5
Book Number | গ্রন্থাঙ্ক LEE
100 ## - MAIN ENTRY--PERSONAL NAME | মুখ্য সংলেখ - ব্যাক্তিনাম
Personal name | ব্যাক্তিনাম Lee,Stephen J.
245 #4 - TITLE STATEMENT | অাখ্যা বিবরণী
Title | অাখ্যা The European dictatorships 1918 - 1945
Statement of responsibility | লেখকের দায়িত্বের বিবরণ Stephen J.Lee
260 ## - IMPRINT | প্রকাশনা ক্ষেত্র
Place of publication | প্রকাশ স্থান London
Name of publisher | প্রকাশকের নাম Routledge (1996 printing)
Date of publication | প্রকাশ কাল xv,343 p.
300 ## - PHYSICAL DESCRIPTION |
Other physical details | অনান্য বাহ্যিক বিবরণ ill.,maps 22 cm.
504 ## - BIBLIOGRAPHY, ETC. NOTE
Bibliography, etc Includes bibliographical references and index
630 ## - SUBJECT ADDED ENTRY--UNIFORM TITLE
Uniform title Europe - Modern History,1918 - 1945
650 ## - SUBJECT ADDED ENTRY--TOPICAL TERM | বিষয় শিরোনাম - মূল বিষয়
Topical term | মূল বিষয় Modern History
651 ## - SUBJECT ADDED ENTRY--GEOGRAPHIC NAME | বিষয় শিরোনাম - ভৌগলিক নাম
Geographic name | ভৌগলিক বিষয় Dictatorships
850 ## - HOLDING INSTITUTION
Holding institution LCLIB
942 ## - ADDED ENTRY ELEMENTS (KOHA)
Koha item type Books
Holdings
Withdrawn status Lost status Source of classification Damaged status Not for loan Home library Current library Date acquired Total Checkouts Full call number Accession No. Date last seen Date checked out Price effective from Koha item type Coded location qualifier
    Dewey Decimal Classification     Loreto College Loreto College 04/11/2013 10 940.5 LEE 39853 B3875 19/12/2019 19/12/2019 04/11/2013 Books